000 00639nam a2200253 4500
001 22903
003 BD-RjUL
005 20211209000852.0
008 140309s1969 enk 000 0 eng
020 _a0416162401
035 _a(BD-RjUL)22968
040 _aDLC
_cDLC
_dDLC
_beng
041 _aeng
082 0 0 _a822.914
_bSET 1969
100 1 _aSelbourne, David,
_d1937-
_970624
245 1 4 _aThe two-backed beast /
_cDavid Selbourne
260 _aLondon :
_bMethuen,
_c1969.
300 _a86 p. ;
_c21 cm.
350 _a7/6
490 0 _aA Methuen playscript
942 _2ddc
_cBK
999 _c22903
_d22903